Islam in Kashmir (fourteenth to Sixteenth Century) (Record no. 16213)

MARC details
000 -LEADER
fixed length control field 00615nam a2200229 a 4500
020 ## - INTERNATIONAL STANDARD BOOK NUMBER
ISBN 8190138502
082 00 - DEWEY DECIMAL CLASSIFICATION NUMBER
Classification number 954.6
Author Cutter WAN1
100 ## - MAIN ENTRY--AUTHOR NAME
Author name Wani, Muhammad Ashraf
245 ## - TITLE STATEMENT
Title Islam in Kashmir (fourteenth to Sixteenth Century)
260 ## - PUBLICATION, DISTRIBUTION, ETC. (IMPRINT)
Place of publication Srinagar
Name of publisher Oriental Publishing House
Year of publication 2003
300 ## - PHYSICAL DESCRIPTION
Number of Pages 338p
500 ## - GENERAL NOTE
General note includes index and biblioraphy
505 2# - FORMATTED CONTENTS NOTE
Formatted contents note bibliography, index
942 ## - ADDED ENTRY ELEMENTS (KOHA)
Koha item type Books
700 1# -
-- Wani, Muhammad Ashraf
Holdings
Collection code Home library Current library Date acquired Cost, normal purchase price Full call number Accession Number Koha item type
  Henry Martyn Institute Library Henry Martyn Institute Library 04/15/2008 850.00 954.6 WAN1 021397 Books
                   Copyright © 2026 | Henry Martyn Institute | Hyderabad | TS-500052 | INDIA | Implemented by hmi.edu.in
Hit-Count:

Powered by Koha